Leisure Tourism in Egypt / (Record no. 11320)
[ view plain ]
| 000 -الفاتح | |
|---|---|
| حقل البيانات ثابتة الطول | 00761nam a22002535a 4500 |
| 001 - رقم الضبط | |
| رقم الضبط | 15484323 |
| 003 - محدد رقم الضبط | |
| رقم الضبط | OSt |
| 005 - وقت وتاريخ اخر تعامل مع التسجيلة | |
| رقم الضبط | 20150827095233.0 |
| 008 - عناصر البيانات ثابتة الطول - معلومات عامة | |
| حقل البيانات ثابتة الطول | 081015m20019999ua 000 0 ara |
| 020 ## - الرقم الدولى المعيارى للكتب | |
| الرقم الدولى المعيارى للكتاب | 9771702130 (v.1) |
| 020 ## - الرقم الدولى المعيارى للكتب | |
| الرقم الدولى المعيارى للكتاب | 9772363542(v.2) |
| 040 ## - مصدر الفهرسة | |
| وكالة الفهرسة الأصلية | DLC |
| وكالة النسخ | DLC |
| 082 ## - رقم تصنيف ديوى العشرى | |
| رقم الطبعة | 22 |
| رقم التصنيف | 338.479100962 |
| رقم المادة | RAA |
| 100 1# - المدخل الرئيسى - إسم شخصى | |
| الإسم الشخصى | Raafat, Aly. |
| 9 (RLIN) | 4090 |
| 245 10 - بيان العنوان | |
| العنوان | Leisure Tourism in Egypt / |
| بيان المسئوليه,etc | written by Aly Raafat; Introduction by Mamdouh El Beltagy |
| 260 ## - PUBLICATION, DISTRIBUTION, ETC. (IMPRINT) | |
| مكان الناشر او الموزع | Giza : |
| اسم الناشر او الموزع | Inter-Consult Research Center, |
| تاريخ النشر أو التوزيع | 2001-2002. |
| 300 ## - الوصف المادى | |
| التعداد | 2 parts ; |
| أبعاد الوعاء | 24 cm. |
| 520 ## - التبصرة الخاصة بالتعليق أو التلخيص | |
| ملخص,الخ | Egypt ; tourism. |
| 650 ## - المدخل الاضافى بالموضوع-مصطلح موضوعى | |
| 9 (RLIN) | 4921 |
| مصطلح موضوعي أو اسم جغرافي كعنصر مدخل | Tourism |
| التقسيم الفرعي الجغرافي | --Egypt |
| مصدر الرأس أو المصطلح | BUEsh |
| 650 ## - المدخل الاضافى بالموضوع-مصطلح موضوعى | |
| 9 (RLIN) | 8016 |
| مصطلح موضوعي أو اسم جغرافي كعنصر مدخل | Leisure industry |
| التقسيم الفرعي الجغرافي | --Egypt |
| مصدر الرأس أو المصطلح | BUEsh |
| 651 ## - المدخل الاضافى بالموضوع - اسم جغرافى | |
| مصدر الرأس أو المصطلح | BUEsh |
| 942 ## - عناصر المدخل الإضافي( كوها) | |
| مصدر التصنيف او مخطط الترفيف | Dewey Decimal Classification |
| Koha [default] item type | Book - Borrowing |
| حالة التراجع | حالة الفقد | مصدر التصنيف او خطة الترفيف | حالة تلف | ليس للاعارة | مجموعات كوها | المكان الدائم | المكان الحالي | موقع الترفيف | تاريخ الاكتساب | Source of acquisition | رقم الاستدعاء | الباركود | Date last seen | مُعار | نوع الوعاء | تبصرة عامة |
|---|---|---|---|---|---|---|---|---|---|---|---|---|---|---|---|---|
| Dewey Decimal Classification | Central Library | Central Library | First floor | 13/07/2009 | Donation | 338.479100962 RAA | 000017356 | 15/07/2025 | 07/04/2019 | Book - Borrowing | 1. West of the Nile: N.W. Mediterranean Coast, Oasis | |||||
| Dewey Decimal Classification | Central Library | Central Library | First floor | 13/07/2009 | 338.479100962 RAA | 000017357 | 15/07/2025 | 27/09/2016 | Book - Borrowing | 2. East of the Nile: Red Sea, Sinai |